000 00925cac a2200301 a 4500
003 Co-PeBPM
005 20241111185157.0
008 231129e2011||||xx |||||||||||||| ||spa||
020 _a9789476589922
040 0 _aCo-PeBPM
_bspa
_cCo-PeBPM
_erda
041 _aspa
082 0 4 _a115 S486a
_222
100 1 _aSerna Arango, Julián
_eAutor
245 1 0 _aLas Apuestas Perdidas De Occidente
_b: Universales, Inmortalidad y Culto Al Presente
_c/ Julián Serna Arango
260 _aEspaña
_b: Editorial Anthropos
_c, 2011
300 _a190 Páginas
_b; 13 Centímetros
500 _aIncluye Índice.
504 _aIncluye Bibliografía.
650 1 4 _2LEMB
_aTiempo
650 1 4 _2LEMB
_aFilosofía
650 1 4 _2LEMB
_aInmortalidad
650 1 4 _2LEMB
_aUniversales
650 1 4 _2LEMB
_aFilosofía occidental
650 1 4 _2LEMB
_aCristianismo
650 1 4 _2LEMB
_aMesianismo
650 1 4 _2LEMB
_aHistoria
942 _2ddc
_cBK
999 _c18581
_d18581